| 000 | 01582nam0a2200301 4500 | ||
|---|---|---|---|
| 001 | RU\NLR\BIBL_A\011524640 | ||
| 005 | 20240921200437.0 | ||
| 010 |
_a9785996114443 _9500 |
||
| 021 |
_aRU _b2017-79424 _95666 |
||
| 035 | _a(RuMoRGB)009426579 | ||
| 035 | _a(NLR Aleph) 011524640 | ||
| 090 |
_a12113529 _c12113529 |
||
| 100 | _a20171114d2017 k y0rusy50 ca | ||
| 101 | 0 | _arus | |
| 102 | _aRU | ||
| 105 | _aa z 000zy | ||
| 200 | 1 |
_aТеория и практика использования снегоуплотняющих машин _e[монография] _fА. Л. Егоров, А. В. Шаруха _gМинистерство образования и науки Российской Федерации, Федеральное государственное бюджетное образовательное учреждение высшего образования "Тюменский индустриальный университет" |
|
| 210 |
_aТюмень _cТИУ _d2017 |
||
| 215 |
_a112 с. _cил., табл. _d21 |
||
| 320 | _aБиблиогр.: с. 104-112 (97 назв.) | ||
| 606 | 1 |
_aСнегоуплотняющие машины вибрационные _91250539 _3RU\NLR\AUTH\66194907 |
|
| 686 | 1 | _aО311.6-082.092.1-5 | |
| 700 | 1 |
_aЕгоров _bА. Л. _cканд. техн. наук, транспорт _gАндрей Леонидович _9181609 _3RU\NLR\AUTH\770181660 |
|
| 701 | 1 |
_aШаруха _bА. В. _gАлександр Викторович |
|
| 942 | _cBOOK | ||
| 980 | _aNBR | ||